00651 2200241 4500001002100000005001500021035002000036245008200056100002700138250000600165300003600171700001600207260003000223082001100253084001700264020002200281650002100303990001700324990001700341990001700358990001700375990001700392INLIS00000000000020620180914030324 a0010-09180000601 aKiat Menulis Cerita Pendek /cHarris Efffendi Thahar; Penyunting, Riva Rosula0 aHarris Efffendi Thahar a- avi, 108 hlm. :bilus. ;c25 cm.0 aRiva Rosula aBandung :bAngkasa,c2008 a808.02 a808.02 HAR k a978-979-665-562-4 aTeknik Penulisan a00889/P/2018 a00890/P/2018 a00891/P/2018 a00892/P/2018 a00893/P/2018